Statistics for Rappers Real Names

Click here to take the quiz!

General Stats

  • This quiz has been taken 10 times
  • The average score is 5 of 9

Answer Stats

HintAnswer% Correct
Childish GambinoDonald Glover
86%
Travis ScottJacques Webster
71%
J ColeJermaine Lamarr Cole
71%
Jay-ZShawn Carter
71%
Cardi BBelcalis Marlenis Almanzar
43%
DaBabyJonathan Lyndale
43%
Lil Uzi VertSymere Woods
43%
Kodak BlackBill Kapri
29%
ASAP RockyRakim Myers
29%

Score Distribution

Percentile by Number Answered

Percent of People with Each Score

Your Score History

You have not taken this quiz